| 000 | 00583nam a2200229 a 4500 | ||
|---|---|---|---|
| 005 | 20210219153136.0 | ||
| 008 | 991125n 000 0 eng u | ||
| 035 | _aUPN01000079884 | ||
| 100 | _aParis, Scott G. | ||
| 222 | _aREADING TEACHER | ||
| 245 | _aA framework for authentic literacy assessment | ||
| 300 | _a88-98 | ||
| 362 | _a1992 46/2 | ||
| 505 | _afeb. | ||
| 653 | 0 | _aALFABETIZACION | |
| 653 | 0 | _aEVALUACION DEL ESTUDIANTE | |
| 653 | 0 | _aTENER DECISION | |
| 700 | _aCalfee, Robert C. | ||
| 700 | _aFilby, Nikola | ||
| 904 |
_aAC _b017695 |
||
| 905 | _aArticulo | ||
| 999 |
_c69290 _d69290 |
||